000 00512nam a2200181Ia 4500
003 GCL
008 140319s9999 xx 000 0 ara d
040 _aGCL /
_cGCL
082 0 4 _a811.9
_bه ا
100 1 _aهيفاء الشنوانى
245 1 0 _aانطلاق /
_cهيفاء الشنوانى
300 _a140 ص
490 _a
650 0 4 _aالشعر العربى
650 0 4 _aالشعر - دواوين و قصائد
650 0 4 _aالشعر العربى - العصر الحديث
942 _2ddc
_cBK
999 _c38140
_d38140